Know the truth : (Record no. 10001)
[ view plain ]
| 000 -LEADER | |
|---|---|
| fixed length control field | 00960cam a2200289 a 4500 |
| 001 - CONTROL NUMBER | |
| control field | 2156070 |
| 003 - CONTROL NUMBER IDENTIFIER | |
| control field | GBCCL |
| 005 - DATE AND TIME OF LATEST TRANSACTION | |
| control field | 20241126110723.0 |
| 008 - FIXED-LENGTH DATA ELEMENTS--GENERAL INFORMATION | |
| fixed length control field | 990106s1998 ilu b 001 0 eng |
| 010 ## - | |
| -- | 99010869 |
| 020 ## - INTERNATIONAL STANDARD BOOK NUMBER | |
| International Standard Book Number | 083081793X (pbk. : alk. paper) |
| 020 ## - INTERNATIONAL STANDARD BOOK NUMBER | |
| International Standard Book Number | 1844749991 |
| 020 ## - INTERNATIONAL STANDARD BOOK NUMBER | |
| International Standard Book Number | 9781844749997 |
| 040 ## - CATALOGING SOURCE | |
| Original cataloging agency | DLC |
| Transcribing agency | DLC |
| Modifying agency | DLC |
| 050 00 - | |
| -- | BT75.2 |
| -- | .M49 1998 |
| 082 00 - DEWEY DECIMAL CLASSIFICATION NUMBER | |
| Classification number | 230 |
| Edition information | 21 |
| Item number | MIL |
| 100 1# - MAIN ENTRY--PERSONAL NAME | |
| Personal name | Milne, Bruce. |
| 9 (RLIN) | 4651 |
| 245 10 - TITLE STATEMENT | |
| Title | Know the truth : |
| Remainder of title | a handbook of Christian belief / |
| Statement of responsibility, etc. | Bruce Milne ; foreword by J.I. Packer. |
| 250 ## - EDITION STATEMENT | |
| Edition statement | 2nd edition , Rev. ed. |
| 260 ## - PUBLICATION, DISTRIBUTION, ETC. | |
| Place of publication, distribution, etc. | Downers Grove, Ill. : |
| Name of publisher, distributor, etc. | InterVarsity Press, |
| Date of publication, distribution, etc. | 2006, c1998. |
| 300 ## - PHYSICAL DESCRIPTION | |
| Extent | 352 p. ; |
| Dimensions | 21 cm. |
| 504 ## - BIBLIOGRAPHY, ETC. NOTE | |
| Bibliography, etc. note | Includes bibliographical references and index. |
| 650 #0 - SUBJECT ADDED ENTRY--TOPICAL TERM | |
| Topical term or geographic name entry element | Theology, Doctrinal. |
| 9 (RLIN) | 14 |
| 906 ## - LOCAL DATA ELEMENT F, LDF (RLIN) | |
| a | 7 |
| b | cbc |
| c | orignew |
| d | 1 |
| e | ocip |
| f | 19 |
| g | y-gencatlg |
| 942 ## - ADDED ENTRY ELEMENTS (KOHA) | |
| Source of classification or shelving scheme | Dewey Decimal Classification |
| Koha item type | Books |
| Koha issues (borrowed), all copies | 4 |
| Withdrawn status | Lost status | Source of classification or shelving scheme | Damaged status | Not for loan | Home library | Current Library | Shelving location | Date acquired | Total checkouts | Full call number | Barcode | Date last seen | Date last checked out | Copy number | Price effective from | Koha item type |
|---|---|---|---|---|---|---|---|---|---|---|---|---|---|---|---|---|
| Dewey Decimal Classification | GRACE BIBLE COLLEGE | GRACE BIBLE COLLEGE | Theology | 2024-01-13 | 4 | 230 MIL | 016437 | 2025-05-01 | 2024-08-26 | c.1 | 2024-01-13 | Books |